<?xml version="1.0" encoding="UTF-8"?><?xml-stylesheet type="text/xsl" href="static/style.xsl"?><OAI-PMH xmlns="http://www.openarchives.org/OAI/2.0/" xmlns:xsi="http://www.w3.org/2001/XMLSchema-instance" xsi:schemaLocation="http://www.openarchives.org/OAI/2.0/ http://www.openarchives.org/OAI/2.0/OAI-PMH.xsd"><responseDate>2026-04-29T08:40:55Z</responseDate><request verb="GetRecord" identifier="oai:riubu.ubu.es:10259/5641" metadataPrefix="marc">https://riubu.ubu.es/oai/request</request><GetRecord><record><header><identifier>oai:riubu.ubu.es:10259/5641</identifier><datestamp>2021-11-02T12:04:45Z</datestamp><setSpec>com_10259_4201</setSpec><setSpec>com_10259_5086</setSpec><setSpec>com_10259_2604</setSpec><setSpec>col_10259_4505</setSpec></header><metadata><record xmlns="http://www.loc.gov/MARC21/slim" xmlns:doc="http://www.lyncode.com/xoai" xmlns:xsi="http://www.w3.org/2001/XMLSchema-instance" xmlns:dcterms="http://purl.org/dc/terms/" xsi:schemaLocation="http://www.loc.gov/MARC21/slim http://www.loc.gov/standards/marcxml/schema/MARC21slim.xsd">
<leader>00925njm 22002777a 4500</leader>
<datafield tag="042" ind1=" " ind2=" ">
<subfield code="a">dc</subfield>
</datafield>
<datafield tag="720" ind1=" " ind2=" ">
<subfield code="a">Verbeeten, Wilco M.H.</subfield>
<subfield code="e">author</subfield>
</datafield>
<datafield tag="720" ind1=" " ind2=" ">
<subfield code="a">Arnold-Bik, Rob J.</subfield>
<subfield code="e">author</subfield>
</datafield>
<datafield tag="720" ind1=" " ind2=" ">
<subfield code="a">Lorenzo Bañuelos, Miriam</subfield>
<subfield code="e">author</subfield>
</datafield>
<datafield tag="260" ind1=" " ind2=" ">
<subfield code="c">2021-01</subfield>
</datafield>
<datafield tag="520" ind1=" " ind2=" ">
<subfield code="a">The strain-rate sensitivity of the yield stress for Acrylonitrile-Butadiene-Styrene (ABS)&#xd;
tensile samples processed via material extrusion additive manufacturing (ME-AM) was investigated.&#xd;
Such specimens show molecular orientation and interstitial voids that affect the mechanical&#xd;
properties. Apparent densities were measured to compensate for the interstitial voids. Three different&#xd;
printing speeds were used to generate ME-AM tensile test samples with different molecular&#xd;
orientation. Printing velocities influenced molecular orientation and stretch, as determined from&#xd;
thermal shrinkage measurements. Likewise, infill velocity affected the strain-rate dependence of the&#xd;
yield stress. The ABS material manifests thermorheollogically simple behavior that can correctly be&#xd;
described by an Eyring flow rule. The changing activation volume, as a result of a varying print velocity,&#xd;
scales linearly with the molecular orientation, as captured in an estimated processing-induced&#xd;
pre-strain. Therefore, it is suggested that ME-AM processed ABS shows a deformation-dependent&#xd;
activation volume. This paper can be seen as initial work that can help to improve quantitative&#xd;
predictive numerical tools for ME-AM, taking into account the effects that the processing step has on&#xd;
the mechanical properties.</subfield>
</datafield>
<datafield tag="024" ind2=" " ind1="8">
<subfield code="a">http://hdl.handle.net/10259/5641</subfield>
</datafield>
<datafield tag="024" ind2=" " ind1="8">
<subfield code="a">10.3390/polym13010149</subfield>
</datafield>
<datafield tag="024" ind2=" " ind1="8">
<subfield code="a">2073-4360</subfield>
</datafield>
<datafield ind1=" " ind2=" " tag="653">
<subfield code="a">3D printing</subfield>
</datafield>
<datafield ind1=" " ind2=" " tag="653">
<subfield code="a">ABS</subfield>
</datafield>
<datafield ind1=" " ind2=" " tag="653">
<subfield code="a">printing speed</subfield>
</datafield>
<datafield ind1=" " ind2=" " tag="653">
<subfield code="a">strain-rate dependent yield stress</subfield>
</datafield>
<datafield ind1=" " ind2=" " tag="653">
<subfield code="a">process-induced molecular orientation</subfield>
</datafield>
<datafield ind1=" " ind2=" " tag="653">
<subfield code="a">Eyring rate equation</subfield>
</datafield>
<datafield ind1=" " ind2=" " tag="653">
<subfield code="a">strain-dependent activation volume</subfield>
</datafield>
<datafield tag="245" ind1="0" ind2="0">
<subfield code="a">Print velocity effects on strain-rate sensitivity of acrylonitrile-butadiene-styrene using material extrusion additive manufacturing</subfield>
</datafield>
</record></metadata></record></GetRecord></OAI-PMH>